Statistiques concernant Les couleurs en 5 langues.

Cliquez ici pour prendre le quiz!

Statistiques générales

  • Ce quiz a été pris 1 147 fois
    (934 depuis la dernière actualisation)
  • Le résultat moyen est 26 sur 40

Statistiques - réponses

AnglaisEspagnolAllemandItalien% Correct
Bleu
100%
BlueAzulBlauBlu
100%
Blue
100%
Jaune
99%
Red
99%
Rouge
99%
Green
98%
Marron
98%
Orange
98%
Orange
98%
Orange
98%
Vert
98%
Violet
98%
Yellow
98%
Rose
97%
Pink
93%
Brown
87%
Purple
86%
GreenVerdeGrünVerde
71%
Verde
71%
PinkRosaRosaRosa
70%
Rosa
70%
Rosa
70%
Azul
67%
Rojo
67%
Naranja
52%
Amarillo
51%
Lila
41%
Blau
36%
RedRojoRotRosso
36%
Rot
32%
BrownCastanoBraunMarrone
30%
Grün
28%
Gelb
21%
Braun
19%
YellowAmarilloGelbGiallo
12%
Castano
6%
Púrpura
6%
OrangeNaranjaOrangeArancione
5%
PurplePurpuraLilaPorpora
2%

Distribution des résultats

Percentile par nombre de réponses

% des personnes avec chaque résultat

Votre développement - résultats

Vous n’avez pas pris ce quiz depuis la dernière actualisation